Catálogo público

Reducción-precipitación de metales en residuos de demanda química de oxígeno (DQO) del laboratorio de bioprocesos de la Universidad Autónoma Chapingo / (Record no. 209663)

MARC details
000 -CABECERA
campo de control de longitud fija 03470nam a2200481Ia 4500
001 - NÚMERO DE CONTROL
campo de control dia_6420
003 - IDENTIFICADOR DEL NÚMERO DE CONTROL
campo de control CHAP
005 - FECHA Y HORA DE LA ÚLTIMA TRANSACCIÓN
campo de control 20240813133855.0
007 - CAMPO FIJO DE DESCRIPCIÓN FÍSICA--INFORMACIÓN GENERAL
campo de control de longitud fija ta
008 - DATOS DE LONGITUD FIJA--INFORMACIÓN GENERAL
campo de control de longitud fija 220601s2016 mx ado frm 001 0 spa d
040 ## - FUENTE DE LA CATALOGACIÓN
Centro catalogador/agencia de origen mxchpua
Centro/agencia transcriptor CHAP
Normas de descripción rda
041 0# - CÓDIGO DE LENGUA
Código de lengua del texto/banda sonora o título independiente spa
Código de lengua del sumario o resumen eng
090 ## - LOCALMENTE ASIGNADO TIPO-LC NÚMERO DE CLASIFICACIÓN (OCLC); NÚMERO DE CLASIFICACIÓN LOCAL (RLIN)
Número de clasificación (OCLC) (R) ; Numero de clasificación, CALL (RLIN) (NR) Tesis
Número cutter local (OCLC) ; Número de libro/Signatura topográfica íntegra, CALL (RLIN) R34
año 2016
100 1# - ENTRADA PRINCIPAL--NOMBRE DE PERSONA
Nombre de persona Rafael Galindo, Gregorio
240 10 - TÍTULO UNIFORME
Título uniforme Reduction-precipitation of metals in residues of Chemical Oxygen Demand (COD) at bioprocesos laboratory of the Universidad Autónoma Chapingo.
Lenguaje de la obra Español
245 10 - MENCIÓN DE TÍTULO
Título Reducción-precipitación de metales en residuos de demanda química de oxígeno (DQO) del laboratorio de bioprocesos de la Universidad Autónoma Chapingo /
Mención de responsabilidad, etc. Gregorío Rafael Galindo
264 ## - PRODUCCIÓN, PUBLICACIÓN, DISTRIBUCIÓN, FABRICACIÓN Y COPYRIGHT
Producción, publicación, distribución, fabricación y copyright Chapingo, México :
Nombre del de productor, editor, distribuidor, fabricante El autor,
Fecha de producción, publicación, distribución, fabricación o copyright 2016
300 ## - DESCRIPCIÓN FÍSICA
Extensión 90 hojas :
Otras características físicas ilustraciones, gráficas, diagramas, tablas, fotos +
Material acompañante/anejo 1 CD-ROM
336 ## - TIPO DE CONTENIDO
Fuente rdacontent
Término de tipo de contenido texto
Código de tipo de contenido txt
337 ## - TIPO DE MEDIO
Fuente rdamedia
Nombre/término del tipo de medio no mediado
Código del tipo de medio n
338 ## - TIPO DE SOPORTE
Fuente rdacarrier
Nombre/término del tipo de soporte volumen
Código del tipo de soporte nc
500 ## - NOTA GENERAL
Nota general El CD contiene reporte, artículo y seminario
502 ## - NOTA DE TESIS
Nota de tesis Tesis
Tipo de título (Ingeniero Agroindustrial) --
Nombre de la institución que otorga el título UACh. Departamento de Ingeniería Agroindustrial,
Año de obtención del título 2016
504 ## - NOTA DE BIBLIOGRAFÍA, ETC.
Nota de bibliografía, etc. Bibliografía: hojas 75-79
520 3# - SUMARIO, ETC.
Sumario, etc. La prueba de Demanda Química de Oxígeno (DQO) es importante, esta prueba analítica es realizada en el laboratorio de Bioprocesos de la Universidad Autónoma Chapingo, es para conocer el contenido de materia orgánica que se consume en el proceso de digestión anaeróbica por el análisis de la alimentación y efluente de los digestores. Debido a que la prueba de DQO es importante no se puede omitir, esta utiliza soluciones digestora y catalizadora, los cuales contienen cromo (Cr), plata (Ag) y mercurio (Hg), por tal motivo el residuo contendrá estos metales pesados en altos niveles, la concentración de estos sobrepasa por mucho los límites máximos permisibles que establece la normatividad mexicana, este residuo líquido es considerado peligroso de acuerdo con la NOM-052-SEMARNAT-2005. --
520 3# - SUMARIO, ETC.
Sumario, etc. Chemical Oxygen Demand (COD) test is important, this analytical test is carried at Bioprocesos laboratory of the Universidad Autonóma Chapingo to know the content of organic matter consumed in anaerobic digestion process by analyzing feed and effluent of digesters. Because the COD test is important it can´t be omitted, it uses digester and catalyst solutions, which contain chromium (Cr), silver (Ag) and mercury (Hg), therefore, the residue obtained will contain these heavy metals in high levels, the concentration of these metals exceeds by far the maximum permissible limits established by mexican regulation, this liquid waste is considered hazardous according to NOM-052-SEMARNAT-2005.
650 17 - PUNTO DE ACCESO ADICIONAL DE MATERIA--TÉRMINO DE MATERIA
Término de materia o nombre geográfico como elemento de entrada Aguas residuales
Fuente del encabezamiento o término atg
650 13 - PUNTO DE ACCESO ADICIONAL DE MATERIA--TÉRMINO DE MATERIA
Término de materia o nombre geográfico como elemento de entrada Tratamiento de agua residual
Subdivisión geográfica México
-- Chapingo
Fuente del encabezamiento o término atg
650 13 - PUNTO DE ACCESO ADICIONAL DE MATERIA--TÉRMINO DE MATERIA
Término de materia o nombre geográfico como elemento de entrada Demanda química de oxígeno
Fuente del encabezamiento o término atg
650 13 - PUNTO DE ACCESO ADICIONAL DE MATERIA--TÉRMINO DE MATERIA
Término de materia o nombre geográfico como elemento de entrada Wastewater treatment
Subdivisión geográfica Mexico
-- Chapingo
Fuente del encabezamiento o término atg
650 13 - PUNTO DE ACCESO ADICIONAL DE MATERIA--TÉRMINO DE MATERIA
Término de materia o nombre geográfico como elemento de entrada Sewage
Fuente del encabezamiento o término atg
650 13 - PUNTO DE ACCESO ADICIONAL DE MATERIA--TÉRMINO DE MATERIA
Término de materia o nombre geográfico como elemento de entrada Chemical oxygen demand
Fuente del encabezamiento o término atg
700 1# - PUNTO DE ACCESO ADICIONAL--NOMBRE DE PERSONA
Nombre de persona González Rangel, María del Carmen
Término indicativo de función/relación director
700 1# - PUNTO DE ACCESO ADICIONAL--NOMBRE DE PERSONA
Nombre de persona Espinosa Solares, Teodoro
Término indicativo de función/relación asesor
700 1# - PUNTO DE ACCESO ADICIONAL--NOMBRE DE PERSONA
Nombre de persona Esparza Torres, Félix
Término indicativo de función/relación asesor
856 41 - LOCALIZACIÓN Y ACCESO ELECTRÓNICOS
Identificador Uniforme del Recurso <a href="http://10.13.5.2/tesis/sist113262.pdf">http://10.13.5.2/tesis/sist113262.pdf</a>
Texto de enlace DESCARGAR PDF
901 ## - ELEMENTOS DE DATOS A LOCAL LDA (RLIN)
a TESIS R34 2016
942 ## - ELEMENTOS DE PUNTO DE ACCESO ADICIONAL (KOHA)
Tipo de ítem Koha TESIS
Fuente del sistema de clasificación o colocación Clasificación Universidad Autónoma Chapingo
902 ## - ELEMENTOS DE DATOS B LOCAL, LDB (RLIN)
a M
905 ## - ELEMENTOS DE DATOS E LOCAL, LDE (RLIN)
a 5232272016 mx nmdl8223123322spa16
Holdings
Estado de retiro Estado de pérdida Fuente del sistema de clasificación o colocación Estado dañado Restricciones de uso No para préstamo Código de colección Localización permanente Ubicación/localización actual Fecha de adquisición Fuente de adquisición Total de préstamos Signatura topográfica completa Código de barras Fecha visto por última vez Número de copia Precio válido a partir de Tipo de ítem Koha Ubicación en estantería
    Clasificación Universidad Autónoma de Chapingo   Préstamo interno   Tesis Ingenieria Agroindustrial Ingenieria Agroindustrial 01/06/2022 El autor   Tesis R34 2016 1101010419 01/06/2022 Ej. 3 01/06/2022 CD  
    Clasificación Universidad Autónoma de Chapingo   Préstamo interno   Tesis Ingenieria Agroindustrial Ingenieria Agroindustrial 01/06/2022 El autor   Tesis R34 2016 1101010417 02/02/2026 Ej. 1 01/06/2022 Tesis  
    Clasificación Universidad Autónoma de Chapingo   Préstamo interno   Tesis Ingenieria Agroindustrial Ingenieria Agroindustrial 01/06/2022 El autor   Tesis R34 2016 1101010418 01/06/2022 Ej. 2 01/06/2022 CD  
    Clasificación Universidad Autónoma de Chapingo       Tesis digitales de Licenciatura Ingenieria Agroindustrial Ingenieria Agroindustrial 13/08/2024 El autor     1201010417 13/08/2024   13/08/2024 Tesis digital En línea